Statistics for Musical Acts by Letter - M

Click here to take the quiz!

General Stats

  • This quiz has been taken 48,658 times
    (9,920 since last reset)
  • The average score is 13 of 20

Answer Stats

Years ActiveCountrySongsBand or Artist% Correct
1972 - 2009Billie Jean | BadMichael Jackson
97%
2007 -Party in the U.S.A. | Wrecking BallMiley Cyrus
92%
1983 -Like a Prayer | VogueMadonna
92%
1990 -Always Be My Baby | All I Want for Christmas Is YouMariah Carey
92%
2002 -Moves like Jagger | SugarMaroon 5
85%
2014 -All About That Bass | Dear Future HusbandMeghan Trainor
75%
1988 -U Can't Touch This | 2 Legit 2 QuitMC Hammer
75%
2011 -Thrift Shop | Can't Hold UsMacklemore & Ryan Lewis
71%
1983 -Enter Sandman | Nothing Else MattersMetallica
71%
1971 -I'd Do Anything For Love (But I Won't Do That) |
Bat out of Hell
Meat Loaf
70%
1961 - 1984What's Going On? | Sexual HealingMarvin Gaye
68%
1966 -Last Train to Clarksville | I'm a BelieverThe Monkees
61%
1965 - 1969California Dreamin' | Monday, MondayThe Mamas & The Papas
56%
1997 -Get Ur Freak On | Work ItMissy Elliot
46%
2005 -Paper Planes | Bad GirlsM.I.A.
46%
1999 -Supermassive Black Hole | UprisingMuse
44%
2002 -Welcome to the Black Parade |
I'm Not Okay (I Promise)
My Chemical Romance
44%
2007 -Electric Feel | KidsMGMT
41%
1988 - 1990Blame It on the Rain | Girl You Know It's TrueMilli Vanilli
38%
1981 -Kickstart My Heart | Dr. FeelgoodMötley Crue
32%

Score Distribution

Percentile by Number Answered

Percent of People with Each Score

Your Score History

You have not taken this quiz since the last reset